|
|
|
|
| LEADER |
00000nab a2200000 a 4500 |
| 001 |
vtls008156490 |
| 003 |
SK-MaSNL |
| 005 |
20260303074902.0 |
| 008 |
050526c2005 xo wr|p|||||||000 b|slo |
| 015 |
|
|
|a SNBRB2005/05
|2 snkbucl
|
| 038 |
|
|
|a SNKBUCL
|
| 040 |
|
|
|a SNKBUCL
|b slo
|c SNKBUCL
|e AACR2
|
| 041 |
0 |
|
|a slo
|
| 044 |
|
|
|a xo
|c SK
|
| 080 |
|
|
|a 796.894.093.1
|2 UDC-MRF-SK2
|
| 245 |
0 |
0 |
|a Arnold Fitness Weekend
|b 4.-5. marec 2005
|
| 300 |
|
|
|b Fotogr.
|
| 611 |
2 |
7 |
|a Arnold Fitness Weekend
|d 2005
|c Columbus, Ohio
|2 snkbucl
|9 1078614
|
| 650 |
0 |
7 |
|a kulturistika
|2 snkbucl
|9 3254
|
| 650 |
0 |
7 |
|a muži
|2 snkbucl
|9 4888
|
| 773 |
0 |
|
|t Muscular Storm
|g Č. 5 (2005), s. 26-29
|
| 852 |
|
|
|a SNK
|b KIS3GCP
|
| 999 |
|
|
|c 1773369
|d 1775299
|